000 00518nam a22001097a 4500
008 150605b xxu||||| |||| 00| 0 eng d
010 _8SCCRAF:20b
245 _aSUPREME COURT CRIMINAL APPEAL NO.10 of 2009 1.Ambaa Jacob 2.Asiku Jamil Vs Uganda
260 _aSupreme Court Kampala
500 _3CORAM:Odoki,CJ.,Tsekooko,Katureebe,Tumwesigye &Kisaakye,JJSC.
500 _3[Appeal from Judgement of the Court of Appeal at Kampala (Twinomujuni, Kitumba & Byamugisha,JJA) dated 2nd April, 2009 in Criminal Appeal No. 203 of 2004]
999 _c6019
_d6019